000 00484 a2200193 4500
005 20260317091904.0
008 260316b |||||||| |||| 00| 0 eng d
020 _a9798887153155
_c$ 119.99
040 _aMAIN
082 _a628.3
_bS92S
100 _aStuart, Jessie
245 _aSewage and sewage treatment
260 _bOryson Press
_c2024
_aNew Delhi
300 _avi, 254
650 _aEngineering
650 _aSewage
650 _aWastewater Treatment
942 _cBK
999 _c395835
_d395835